000 00593nam a2200229Ia 4500
003 OSt
005 20221005082352.0
006 a|||||r|||| 00| 0
007 ta
008 221004b |||||||| |||| 00| 0 eng d
024 _a62408
037 _cTextual
040 _aCRL
_cCRL
_beng
041 _2eng
_aeng
082 _aV2,3.N9, N4.3
100 _aKashyap Subhash C
245 0 _aHistory of the parliament of India
260 _aNew Delhi
_bShipra
_c1996
650 _aHISTORY
942 _hV2,3.N9, N4.3
_cTEXL
_2cc
999 _c989233
_d989233